书目信息 |
| 题名: |
中国悬疑奇案
|
|
| 作者: | 崔钟雷 主编 | |
| 分册: | ||
| 出版信息: | 长春 时代文艺出版社 2010.03 |
|
| 页数: | 215页 | |
| 开本: | 23cm | |
| 丛书名: | 家藏天下 | |
| 单 册: | ||
| 中图分类: | Z228.2 | |
| 科图分类: | ||
| 主题词: | 科学知识--ke xue zhi shi--青少年读物 | |
| 电子资源: | ||
| ISBN: | 978-7-5387-2966-5 | |
| 000 | 00807nam 2200253 450 | |
| 001 | 012010380865 | |
| 005 | 20100624144425.18 | |
| 010 | @a978-7-5387-2966-5@dCNY19.90 | |
| 100 | @a20100624d2010 em y0chiy0120 ea | |
| 101 | 0 | @achi |
| 102 | @aCN@b220000 | |
| 105 | @aa z 000yy | |
| 106 | @ar | |
| 200 | 1 | @a中国悬疑奇案@Azhong guo xuan yi qi an@f崔钟雷主编@Fcui zhong lei zhu bian |
| 210 | @a长春@c时代文艺出版社@d2010.03 | |
| 215 | @a215页@c图@d23cm | |
| 225 | 2 | @a家藏天下@Ajia cang tian xia |
| 330 | @a本书主要讲述了中国悬疑奇案的文化之谜、历史悬案、宫闱之谜、以及地理之谜。 | |
| 410 | 0 | @12001 @a家藏天下 |
| 606 | 0 | @a科学知识@Ake xue zhi shi@j青少年读物 |
| 690 | @aZ228.2@v4 | |
| 701 | 0 | @a崔钟雷@Acui zhong lei@4主编 |
| 801 | 0 | @aCN@bQSSK@c20100624 |
| 905 | @b782536-38@dZ228.2@eC979@f3 | |
| 中国悬疑奇案/崔钟雷主编.-长春:时代文艺出版社,2010.03 |
| 215页:图;23cm.-(家藏天下) |
| ISBN 978-7-5387-2966-5:CNY19.90 |
| 本书主要讲述了中国悬疑奇案的文化之谜、历史悬案、宫闱之谜、以及地理之谜。 |
| ● |
| 相关链接 |
|
|
|
正题名:中国悬疑奇案
索取号:Z228.2/C979
 
预约/预借
| 序号 | 登录号 | 条形码 | 馆藏地/架位号 | 状态 | 备注 |
| 1 | 782536 | 207825362 | 自科库501/501自科库 128排2列4层/ [索取号:Z228.2/C979] | 在馆 | |
| 2 | 782537 | 207825371 | 自科库501/501自科库 128排2列4层/ [索取号:Z228.2/C979] | 在馆 | |
| 3 | 782538 | 207825380 | 自科库501/501自科库 128排2列4层/ [索取号:Z228.2/C979] | 在馆 |